UITU Library & LRC     

Artificial intelligence programming with Python: from zero to hero (Record no. 18144)

MARC details
000 -LEADER
fixed length control field 00521nam a2200181Ia 4500
008 - FIXED-LENGTH DATA ELEMENTS--GENERAL INFORMATION
fixed length control field 240925s9999 xx 000 0 und d
020 ## - INTERNATIONAL STANDARD BOOK NUMBER
International Standard Book Number 9781119820864
082 ## - DEWEY DECIMAL CLASSIFICATION NUMBER
Classification number 005.133 XIA
100 ## - MAIN ENTRY--PERSONAL NAME
Personal name Xiao, Perry
245 #0 - TITLE STATEMENT
Title Artificial intelligence programming with Python: from zero to hero
250 ## - EDITION STATEMENT
Edition statement NA
260 ## - PUBLICATION, DISTRIBUTION, ETC.
Place of publication, distribution, etc. New York:
Name of publisher, distributor, etc. John Wiley & Sons
Date of publication, distribution, etc. 2022
300 ## - PHYSICAL DESCRIPTION
Extent 839p.
Other physical details 0
Type of unit NA
500 ## - GENERAL NOTE
General note Includes Index
600 ## - SUBJECT ADDED ENTRY--PERSONAL NAME
Personal name Computer Science
650 ## - SUBJECT ADDED ENTRY--TOPICAL TERM
Topical term or geographic name entry element Computer science, information & general works
942 ## - ADDED ENTRY ELEMENTS (KOHA)
Koha item type Books
Holdings
Withdrawn status Lost status Damaged status Not for loan Collection Home library Current library Date acquired Source of acquisition Cost, normal purchase price Total checkouts Full call number Barcode Date due Date last seen Date last checked out Price effective from Koha item type
        Computer Science UITU Library UITU Library 11/08/2022 Royal Book Company 5945.68 2 005.133 XIA Q15645 11/07/2025 11/04/2025 11/04/2025   Books

Powered by Koha